Φαγητά που αρχίζουν από Σ (με εικόνες) - Statistics

General Stats
  • This quiz has been taken 410 times
  • The average score is 16 of 20
Answer Stats
Picture Hint Answer % Correct
(Φρούτο) Σταφύλι
99%
(Γλυκό) Σοκολάτα
99%
(Ιαπωνικό φαγητό) Σούσι
98%
(Φρούτο) Σύκο
97%
(Λαχανικό) Σκόρδο
96%
(Χοιρινό ή κοτόπουλο) Σουβλάκι
95%
(Γαλλικό έδεσμα) Σαλιγκάρι
95%
(Ψάρι) Σολομός
94%
(Αποξηραμένο φρούτο) Σταφίδες
93%
(Αλλαντικό) Σαλάμι
93%
(Ψάρι) Σαρδέλα
91%
(Φαγητό της αυστριακής και γερμανικής κουζίνας) Σνίτσελ
84%
(Λαχανικό) Σέλινο
81%
(Λαχανικό) Σπαράγγι
80%
(Είδος κρέμας) Σαντιγί
70%
(Οστρακοειδές) Στρείδι
63%
(Ακριβό μπαχαρικό, αλλιώς κρόκος Κοζάνης) Σαφράν
58%
(Σπόρος) Σουσάμι
57%
(Λαχανικό) Σελινόριζα
33%
(Δημητριακό με πολλές χρήσεις) Σόγια
15%
No matching quizzes found
Score Distribution
Percent of People with Each Score
Percentile by Number Answered
Your Score History
You have not taken this quiz